On strenuous wings : (Record no. 9076)
[ view plain ]
| 000 -LEADER | |
|---|---|
| fixed length control field | 00993nam a2200313 a 4500 |
| 001 - CONTROL NUMBER | |
| JCCL Control Number | 9076 |
| 003 - CONTROL NUMBER IDENTIFIER | |
| JCCL marc code | BD-JhCC |
| 005 - DATE AND TIME OF LATEST TRANSACTION | |
| control field | 20180925120351.0 |
| 008 - FIXED-LENGTH DATA ELEMENTS--GENERAL INFORMATION | |
| fixed length control field | 180308s1965 gw 001 0 eng d |
| 035 ## - SYSTEM CONTROL NUMBER | |
| system control number | (BD-JhCC)9076 |
| 040 ## - CATALOGING SOURCE | |
| Original cataloging agency | BD-JhCC |
| Transcribing agency | AFU |
| Modifying agency | BD-JhCC |
| -- | EQO |
| 041 ## - LANGUAGE CODE | |
| Language code of Book | eng |
| 082 ## - DEWEY DECIMAL CLASSIFICATION NUMBER | |
| Author mark and Year | PRI 1965 |
| 090 ## - LOCALLY ASSIGNED LC-TYPE CALL NUMBER (OCLC); LOCAL CALL NUMBER (OCLC) | |
| Classification number (OCLC) (R) ; Classification number, CALL (RLIN) (NR) | PR9619.3.P75 |
| Local cutter number (OCLC) ; Book number/undivided call number, CALL (RLIN) | A6 |
| 090 ## - LOCALLY ASSIGNED LC-TYPE CALL NUMBER (OCLC); LOCAL CALL NUMBER (OCLC) | |
| Classification number (OCLC) (R) ; Classification number, CALL (RLIN) (NR) | PR6031.R57 |
| Local cutter number (OCLC) ; Book number/undivided call number, CALL (RLIN) | O5 |
| 100 1# - MAIN ENTRY--PERSONAL NAME | |
| Personal name | Prichard, Katharine Susannah, |
| Dates associated with a name | 1884-1969. |
| 240 10 - UNIFORM TITLE | |
| Uniform title | Works. |
| 245 10 - TITLE STATEMENT | |
| Title | On strenuous wings : |
| Remainder of title | a half-century of selected writings from the works of Katharine Susannah Prichard / |
| Statement of responsibility, etc | Edited and with an introduction by Joan Williams. |
| 260 ## - PUBLICATION, DISTRIBUTION, ETC. (IMPRINT) | |
| Place of publication, distribution, etc | Berlin : |
| Name of publisher, distributor, etc | Seven Seas, |
| Date of publication, distribution, etc | 1965. |
| 300 ## - PHYSICAL DESCRIPTION | |
| Pagination | 197 p. ; |
| Dimensions | 20 cm. |
| 490 1# - SERIES STATEMENT | |
| Series statement | Seven Seas books |
| 500 ## - GENERAL NOTE | |
| General note | "A collection of works by writers in the English language." |
| 600 ## - SUBJECT ADDED ENTRY--PERSONAL NAME | |
| Personal name | Prichard, Katharine Susannah, |
| Dates associated with a name | 1884-1969 |
| 650 ## - SUBJECT ADDED ENTRY--TOPICAL TERM | |
| Topical term or geographic name as entry element | Wings |
| 700 1# - ADDED ENTRY--PERSONAL NAME | |
| Personal name | Williams, Joan. |
| 830 #0 - SERIES ADDED ENTRY--UNIFORM TITLE | |
| Uniform title | Seven Seas books. |
| 942 ## - ADDED ENTRY ELEMENTS (KOHA) | |
| Source of classification or shelving scheme | Dewey Decimal Classification |
| Koha item type | Books |
| Source of classification or shelving scheme | Damaged status | Not for loan | Home library | Current library | Shelving location | Total Checkouts | Full call number | Barcode | Date last seen | Copy number | Koha item type |
|---|---|---|---|---|---|---|---|---|---|---|---|
| Dewey Decimal Classification | JCC Rouf Library | JCC Rouf Library | General Stacks | 823.2 PRI 1965 | 12130 | 03/08/2018 | C - 1 | Books |